| 000 | 00958cam a22003017a 4500 | ||
|---|---|---|---|
| 003 | CHAP | ||
| 005 | 20220329134525.0 | ||
| 008 | 971013s1969 r 00010 d | ||
| 010 | _a21607 | ||
| 011 | _a22579 | ||
| 035 | _a26674 | ||
| 040 | _cCHAP | ||
| 090 | _aFolleto 4848 | ||
| 110 |
_aAseguradora Nacional Agrícola y Ganadera S.A. México _97887 |
||
| 245 | 1 | 3 | _aEl seguro agrícola integral y ganadero |
| 260 |
_aMéxico, D.F., _c1969 |
||
| 300 |
_as.p. _b: ilus |
||
| 590 |
_aBATCH-UPD _b10 _c20130110 _lUCH01 _h1643 |
||
| 590 |
_aBATCH-UPD _b10 _c20130410 _lUCH01 _h1033 |
||
| 590 |
_aBATCH-UPD _b10 _c20130914 _lUCH01 _h2017 |
||
| 590 |
_aCONVERSION _b10 _c20130109 _lUCH01 _h1313 |
||
| 650 | 1 | 4 |
_aSeguro agrícola _xMéxico. _9103708 |
| 650 | 1 | 4 |
_aSeguro ganadero _xMéxico. _9103727 |
| 901 | _aBK | ||
| 942 | _cFOLL | ||
| 949 |
_aFolleto 4848 _bBC _cFOLL _d-61516 _eTS1 _i26674 _mD _si |
||
| 949 |
_aFolleto 4848 _bBC _cFOLL _d-61517 _eTS2 _fc.2 _i26674 _mD _si |
||
| 999 |
_c21607 _d21607 |
||